| 000 | 00929nam a2200229 a 4500 | ||
|---|---|---|---|
| 001 | 000028122 | ||
| 005 | 20241015140953.0 | ||
| 008 | 110406s2005 dr r 000 0 spa d | ||
| 020 | _a9993499730 | ||
| 020 | _a9993499749 | ||
| 040 |
_aDO-SdBNP _bspa _cBNPHU |
||
| 082 |
_axxx _bS267p |
||
| 100 | 1 |
_aSaviñón M., Ramón Emilio _d1929- _955128 |
|
| 245 | 1 | 0 |
_aEl peso oro dominicano : _borigen, evolución y devaluación a través de su historia / _cRamón Emilio Saviñón M.; edición Emilio Cordero Michel. |
| 260 |
_aSanto Domingo : _bAcademia Dominicana de la Historia, _c2005. _fEditora Búho |
||
| 300 |
_a28 p. ; _c22 cm. |
||
| 490 | 1 | _aAcademia dominicana de la historia | |
| 490 |
_aConferencia _v69 |
||
| 500 | _aIncluye referencias bibloagráficas y notas al pie de las páginas | ||
| 700 | 1 |
_aCordero Michel, Emilio, _d1929-2018 _eed. _944029 |
|
| 830 | 0 |
_aAcademia dominicana de la historia ; _pconferencias _v69 _955129 |
|
| 999 |
_c27614 _d27614 |
||